Inland Revenue Guidelines Rulings and government gazettag

Bibliographic Details
Main Author: Choong Kwai Fatt
Format: Book
Published: Malaysia : Infowarld , 2002
Subjects:

MARC

LEADER 00000cam a2200000 7i4500
001 0000012698
005 20050505.0
020 |a 9839526111 
040 |a INS 
090 0 0 |a HJ2950.6.   |b C45555 2002 
100 1 |a Choong Kwai Fatt 
245 1 0 |a Inland Revenue Guidelines Rulings and government gazettag   |c Choong Kwai Fatt 
260 |a Malaysia :   |b Infowarld ,   |c 2002 
300 |a iv :   |b 542p ;   |c 26cm. 
650 0 0 |a Internal revenue law-Malaysia 
999 |a 0000009575   |b BOOK   |c Open Shelf   |e Default branch